000 00284nam a2200133 i 4500
001 bg
245 0 _aOpracowanie norm :
_bporadnik.
250 _aWyd.2.
260 _aWarszawa,
_c1977.
040 _cBPK
041 _apol
942 _cKS
008 s pl f |000 0 pol
999 _c27909
_d27909
856 _uhttp://koha.tu.koszalin.pl/cgi-bin/koha/opac-detail.pl?biblionumber=27909
_yKatalog online BPK